Korporativnaja "dorožnaja karta" - innovacionnyj metod upravlenija znanijami v korporacii

Systémy plánovania procesov organizácie - jeden z dôležitých faktorov riadenia vo svetovom obchode. Rast konkurencie a neustále zmeny v prostredí, klientov, produktov a cien a snaha manažérov získavať čo najlepšie výsledky. Korporatívna "cestná mapa" (corporate roadmapping) - zvláštna forma strategi...

Description complète

Enregistré dans:
Détails bibliographiques
Auteur principal: Jemala, Marek
Format: Chapitre de livre
Langue:russe
Sujets:
Tags: Ajouter un tag
Pas de tags, Soyez le premier à ajouter un tag!

MARC

LEADER 00000naa$a2200000$$$4500
001 0096373
005 20240502083242.5
041 0 |a rus 
044 |a RU 
245 1 0 |a Korporativnaja "dorožnaja karta" - innovacionnyj metod upravlenija znanijami v korporacii  |c Marek Jemala 
520 |a Systémy plánovania procesov organizácie - jeden z dôležitých faktorov riadenia vo svetovom obchode. Rast konkurencie a neustále zmeny v prostredí, klientov, produktov a cien a snaha manažérov získavať čo najlepšie výsledky. Korporatívna "cestná mapa" (corporate roadmapping) - zvláštna forma strategického plánovania, ktorej cieľom je nájsť čo najlepšie riešenia v zmenenom prostrední. 
610 2 0 |a riadenie podnikové 
610 2 0 |a manažment 
610 2 0 |a plánovanie strategické 
610 2 0 |a procesy podnikové 
610 2 0 |a korporácie transnacionálne 
610 2 0 |a konkurencia 
610 2 0 |a riadenie znalostí 
100 1 |a Jemala, Marek